Multipurpose and Low-Cost Architectures for Automatic Control Remote Laboratories
Salvato in:
| Autore principale: | |
|---|---|
| Altri autori: | |
| Natura: | Manoscritto Libro |
| Lingua: | inglese |
| Pubblicazione: |
Bratislava :
Slovenská technická univerzita v Bratislave,
2014
|
| Edizione: | 1. vyd. |
| Tags: |
Nessun Tag, puoi essere il primo ad aggiungerne!!
|
MARC
| LEADER | 00000ntm a22000003a 4500 | ||
|---|---|---|---|
| 001 | stu299447 | ||
| 005 | 20210602173020.9 | ||
| 008 | 141022s2014------------------------eng-d | ||
| 035 | |a biblio/258999 |2 CREPC2 | ||
| 040 | |a STU |b slo | ||
| 041 | 0 | |a eng | |
| 100 | 1 | |a Kalúz, Martin, |d 1985- |4 aut |u C7220 |9 100 |U FCHPT Ústav informatizácie, automatizácie a matematiky |U FCHPT Ústav informatizácie, automatizácie a matematiky |T FCHPT Oddelenie informatizácie a riadenia procesov |X 21598 |U C7220 |Y 121 |7 A000021598 | |
| 245 | 1 | |a Multipurpose and Low-Cost Architectures for Automatic Control Remote Laboratories | |
| 250 | |a 1. vyd. | ||
| 260 | |a Bratislava : |b Slovenská technická univerzita v Bratislave, |c 2014 | ||
| 300 | |a 139 s | ||
| 700 | 1 | |a Fikar, Miroslav, |d 1966- |4 xxx |u C7220 |U FCHPT Ústav informatizácie, automatizácie a matematiky |U FCHPT Ústav informatizácie, automatizácie a matematiky |T FCHPT Oddelenie informatizácie a riadenia procesov |X 3374 |U C7220 |Y 121 |7 A000003374 | |